[Event "EU-chT Railways USIC"]
[Site "Dresden"]
[Date "2000.06.20"]
[Round "1.1"]
[White "Cudnik, Andrzej"]
[Black "Maisch, Fernand"]
[Result "1-0"]
[WhiteElo "2120"]
[BlackElo "2174"]
[PlyCount "41"]
[EventDate "2000.06.19"]
[EventType "team-swiss"]
[EventRounds "7"]
[EventCountry "GER"]
[SourceTitle "EXT 2002"]
[Source "ChessBase"]
[SourceDate "2001.11.25"]
[SourceVersion "1"]
[SourceVersionDate "2001.11.25"]
[SourceQuality "1"]
[WhiteTeam "Poland (USIC)"]
[BlackTeam "Luxembourg (USIC)"]
[WhiteTeamCountry "POL"]
[BlackTeamCountry "LUX"]

1. e4 e5 2. Bc4 Bc5 3. Nf3 Nc6 4. c3 Nf6 5. d4 exd4 6. 0-0 0-0 7. cxd4 Bb6 8. d5 Nb8 9. e5 Ne8 10. Bg5 f6 11. d6+ Kh8 12. exf6 Nxf6 13. Nc3 Qe8 14. Bxf6 Rxf6 15. Re1 Qf8 16. Ne4 Rf5 17. Qd3 Nc6 18. Neg5 Bxf2+ 19. Kh1 Bxe1 20. Rxe1 h6 21. Qxf5 1-0